Animal ABC's 2 - Statistics

General Stats
  • This quiz has been taken 11 times
  • The average score is 23 of 26
Answer Stats
Picture Hint Answer % Correct
A Ant
100%
B Bison
100%
D Deer
91%
E Elephant
91%
F Frog
91%
G Goose
91%
H Hedgehog
91%
I Iguana
91%
J Jellyfish
91%
K Koala
91%
L Leopard
91%
M Mouse
91%
N Narwhal
91%
P Panda
91%
R Rabbit
91%
S Snail
91%
T Tiger
91%
U Unicorn
91%
V Vulture
91%
W Wolf
91%
Y Yak
91%
O Ocelot
82%
Q Quail
82%
C Cassowary
64%
Z Zebu
64%
X Ox
45%
No matching quizzes found
Score Distribution
Percent of People with Each Score
Percentile by Number Answered
Your Score History
You have not taken this quiz